[Event "NRW Class1 1819"]
[Site "Germany"]
[Date "2018.11.18"]
[Round "3.1"]
[White "Stomberg, Thomas"]
[Black "Wehmeier, Stefan"]
[Result "0-1"]
[WhiteElo "2306"]
[BlackElo "2301"]
[PlyCount "62"]
[EventDate "2018.09.16"]
[EventType "team-tourn"]
[EventRounds "9"]
[EventCountry "GER"]
[SourceTitle "EXT 2022"]
[Source "ChessBase"]
[SourceDate "2021.10.06"]
[SourceVersion "1"]
[SourceVersionDate "2021.10.06"]
[SourceQuality "1"]
[WhiteTeam "Krefelder Turm"]
[BlackTeam "Lippstadt Turm"]
[WhiteTeamCountry "GER"]
[BlackTeamCountry "GER"]

1. Nf3 Nf6 2. c4 c5 3. g3 d5 4. cxd5 Nxd5 5. Bg2 Nc6 6. d4 cxd4 7. Nxd4 Ndb4 8. Nxc6 Qxd1+ 9. Kxd1 Nxc6 10. Nc3 Bf5 11. Bxc6+ bxc6 12. f3 e5 13. e4 Be6 14. Be3 Bb4 15. Kc2 0-0 16. g4 Bc4 17. Rhe1 a5 18. a3 Be7 19. Rad1 Be6 20. Na4 Rfb8 21. Rd3 Rb5 22. Rc3 Rab8 23. Kd2 c5 24. Bxc5 Bh4 25. Rec1 Bb3 26. Nb6 h5 27. Nd7 Rd8 28. Rd3 hxg4 29. fxg4 Be6 30. Nxe5 Bg5+ 31. Be3 Rxe5 0-1

[Event "NRW Class1 1819"]
[Site "Germany"]
[Date "2018.09.16"]
[Round "1.1"]
[White "Niermann, Tristan"]
[Black "Wehmeier, Stefan"]
[Result "0-1"]
[WhiteElo "2271"]
[BlackElo "2301"]
[PlyCount "72"]
[EventDate "2018.09.16"]
[EventType "team-tourn"]
[EventRounds "9"]
[EventCountry "GER"]
[SourceTitle "EXT 2022"]
[Source "ChessBase"]
[SourceDate "2021.10.06"]
[SourceVersion "1"]
[SourceVersionDate "2021.10.06"]
[SourceQuality "1"]
[WhiteTeam "Lieme"]
[BlackTeam "Lippstadt Turm"]
[WhiteTeamCountry "GER"]
[BlackTeamCountry "GER"]

1. d4 d5 2. c4 e6 3. Nf3 c6 4. Qc2 Nd7 5. g3 b5 6. b3 a5 7. Bg2 a4 8. cxd5 axb3 9. Qxb3 cxd5 10. 0-0 Ba6 11. e4 Nb6 12. Ne5 Rc8 13. Re1 Nf6 14. a4 Nxe4 15. axb5 Bb7 16. Ra7 Rc7 17. Nd2 Nd6 18. Ba3 Qb8 19. Ra5 Be7 20. Bc5 Ndc8 21. Nc6 Bxc6 22. bxc6 Rxc6 23. Qb5 Qc7 24. Rb1 Bxc5 25. dxc5 Nd7 26. Nb3 0-0 27. Rc1 Nd6 28. cxd6 Rxc1+ 29. Bf1 Rxf1+ 30. Kxf1 Qxd6 31. Ra6 Qc7 32. Nd4 Ne5 33. f4 Qc1+ 34. Ke2 Nc4 35. Qc5 e5 36. Nc6 Qc2+ 0-1

[Event "NRW Class2 1718"]
[Site "Germany"]
[Date "2018.04.08"]
[Round "8.1"]
[White "Zubarev, Alexander2"]
[Black "Wehmeier, Stefan"]
[Result "1-0"]
[WhiteElo "2531"]
[BlackElo "2345"]
[PlyCount "107"]
[EventDate "2017.09.17"]
[EventType "team-tourn"]
[EventRounds "9"]
[EventCountry "GER"]
[SourceTitle "EXT 2019"]
[Source "ChessBase"]
[SourceDate "2018.10.10"]
[SourceVersion "1"]
[SourceVersionDate "2018.10.10"]
[SourceQuality "1"]
[WhiteTeam "Siegburg"]
[BlackTeam "Lippstadt Turm"]
[WhiteTeamCountry "GER"]
[BlackTeamCountry "GER"]

1. Nf3 d5 2. c4 e6 3. g3 Nf6 4. Bg2 Be7 5. b3 0-0 6. Bb2 c5 7. e3 b5 8. cxd5 Nxd5 9. 0-0 Bb7 10. Qe2 Nc6 11. Nc3 Nxc3 12. dxc3 Qb6 13. Nd2 Rfd8 14. c4 Nb4 15. cxb5 Bxg2 16. Kxg2 Nd3 17. Bc3 Qxb5 18. Nc4 Qc6+ 19. f3 Bf6 20. Bxf6 gxf6 21. Rad1 Ne5 22. Rc1 Rd5 23. Nxe5 fxe5 24. Rf2 Rad8 25. Qc4 Qd6 26. Rcc2 f5 27. e4 Rd4 28. Qxc5 fxe4 29. fxe4 Qxc5 30. Rxc5 Rxe4 31. Rc7 a5 32. Ra7 a4 33. bxa4 Rf8 34. Rxf8+ Kxf8 35. Kf3 Rc4 36. g4 h6 37. h4 Rf4+ 38. Kg3 Rc4 39. h5 Rc3+ 40. Kh4 e4 41. Rh7 e3 42. Rxh6 Kf7 43. Rh7+ Kf6 44. Rb7 Ra3 45. g5+ Kf5 46. Rf7+ Ke4 47. Kg3 Rxa2 48. Rf4+ Ke5 49. Rh4 Rf2 50. h6 Rf8 51. h7 e2 52. Rh1 Kf5 53. Kf2 Kxg5+ 54. Kxe2 1-0

[Event "NRW Class1 1516"]
[Site "Germany"]
[Date "2016.03.06"]
[Round "7.1"]
[White "Wehmeier, Stefan"]
[Black "Erwich, Marc"]
[Result "1/2-1/2"]
[WhiteElo "2393"]
[BlackElo "2286"]
[PlyCount "105"]
[EventDate "2015.09.27"]
[EventType "team-tourn"]
[EventRounds "9"]
[EventCountry "GER"]
[SourceTitle "EXT 2017"]
[Source "ChessBase"]
[SourceDate "2016.10.25"]
[SourceVersion "1"]
[SourceVersionDate "2016.10.25"]
[SourceQuality "1"]
[WhiteTeam "Lippstadt Turm"]
[BlackTeam "Erkenschwick"]
[WhiteTeamCountry "GER"]
[BlackTeamCountry "GER"]

1. e4 e5 2. Nf3 Nc6 3. c3 Nf6 4. d3 d5 5. Qc2 h6 6. b4 a6 7. a3 Bg4 8. Nbd2 Qd7 9. Bb2 Qe6 10. h3 Bh5 11. g4 Bg6 12. Nh4 Bh7 13. Bg2 0-0-0 14. Nf5 Ne7 15. Nb3 Ng6 16. 0-0-0 Nf4 17. Bf3 Kb8 18. exd5 N6xd5 19. c4 Nb6 20. Nc5 Bxc5 21. bxc5 Nd7 22. c6 Nc5 23. d4 exd4 24. Bxd4 Rxd4 25. Rxd4 Qe5 26. Rhd1 Nfe6 27. Qc3 Nxd4 28. Nxd4 Rd8 29. Qe3 Qxe3+ 30. fxe3 Nd3+ 31. Kd2 Ne5 32. Ke2 Nxf3 33. Kxf3 Rd6 34. e4 b5 35. cxb5 axb5 36. Ke3 Rd8 37. Rb1 Re8 38. Rxb5+ Kc8 39. Nf5 Re6 40. Rc5 Kb8 41. e5 g5 42. Kd4 Ka7 43. Ne3 f6 44. Nc4 fxe5+ 45. Nxe5 Rd6+ 46. Rd5 Rxd5+ 47. Kxd5 Kb6 48. Nc4+ Kb5 49. Nd6+ Kb6 50. Nc8+ Kb5 51. Ne7 Bd3 52. a4+ Kxa4 53. Ke6 1/2-1/2

[Event "NRW Class1 1516"]
[Site "Germany"]
[Date "2015.11.22"]
[Round "3.1"]
[White "Scheider, Julian"]
[Black "Wehmeier, Stefan"]
[Result "1-0"]
[WhiteElo "2291"]
[BlackElo "2393"]
[PlyCount "109"]
[EventDate "2015.09.27"]
[EventType "team-tourn"]
[EventRounds "9"]
[EventCountry "GER"]
[SourceTitle "EXT 2017"]
[Source "ChessBase"]
[SourceDate "2016.10.25"]
[SourceVersion "1"]
[SourceVersionDate "2016.10.25"]
[SourceQuality "1"]
[WhiteTeam "Iserlohn Koenigsspringer"]
[BlackTeam "Lippstadt Turm"]
[WhiteTeamCountry "GER"]
[BlackTeamCountry "GER"]

1. e4 e5 2. Nf3 Nc6 3. d4 exd4 4. Nxd4 Bc5 5. Nxc6 bxc6 6. Bd3 Qh4 7. Qe2 Nf6 8. h3 d5 9. g3 Qh5 10. Qxh5 Nxh5 11. Nc3 0-0 12. Na4 Bd6 13. Be3 Re8 14. 0-0-0 dxe4 15. Be2 Nf6 16. c4 Nd7 17. Rd4 f5 18. Rhd1 Nf8 19. Rxd6 cxd6 20. Rxd6 Ne6 21. Rxc6 Bb7 22. Rd6 Rad8 23. Rxd8 Rxd8 24. Nc5 Nxc5 25. Bxc5 a6 26. h4 Kf7 27. Kc2 Bc6 28. Kc3 Ke6 29. b4 Ba4 30. Bd4 g6 31. b5 Ra8 32. Kb4 Bc2 33. Kc3 Bd3 34. Bxd3 exd3 35. a4 axb5 36. axb5 Ra3+ 37. Kd2 f4 38. gxf4 Kf5 39. Bc3 Kxf4 40. Kxd3 Kf5 41. c5 Ke6 42. Kc4 Ra4+ 43. Bb4 Ra1 44. b6 Kd7 45. Kb5 Kc8 46. Kc6 Rb1 47. Bc3 Rb3 48. Bd4 Rb1 49. Kd6 Rd1 50. Kd5 Rd2 51. c6 Rd1 52. Kc4 Rc1+ 53. Kb5 Rb1+ 54. Ka6 Rb4 55. Be5 1-0

[Event "NRW Class1 1516"]
[Site "Germany"]
[Date "2015.10.25"]
[Round "2.1"]
[White "Wehmeier, Stefan"]
[Black "Kabatianski, Alexander"]
[Result "0-1"]
[WhiteElo "2393"]
[BlackElo "2378"]
[PlyCount "54"]
[EventDate "2015.09.27"]
[EventType "team-tourn"]
[EventRounds "9"]
[EventCountry "GER"]
[SourceTitle "EXT 2017"]
[Source "ChessBase"]
[SourceDate "2016.10.25"]
[SourceVersion "1"]
[SourceVersionDate "2016.10.25"]
[SourceQuality "1"]
[WhiteTeam "Lippstadt Turm"]
[BlackTeam "Emsdetten Rochade"]
[WhiteTeamCountry "GER"]
[BlackTeamCountry "GER"]

1. d4 Nf6 2. c4 e6 3. Nf3 b6 4. Bf4 Bb7 5. e3 Bb4+ 6. Nfd2 0-0 7. Bd3 d5 8. 0-0 c5 9. dxc5 Bxc5 10. Qe2 Nc6 11. a3 d4 12. b4 Be7 13. b5 Na5 14. exd4 Qxd4 15. Be5 Qg4 16. f3 Qg5 17. Nc3 Rad8 18. Rfe1 Bc5+ 19. Kh1 Bd4 20. Bxd4 Rxd4 21. Rad1 Qc5 22. Be4 Qxa3 23. Qe3 Rfd8 24. Bd5 Rh4 25. Bxb7 Nxb7 26. Ra1 Qd6 27. Rxa7 Qxh2# 0-1

[Event "NRW Class1 1213"]
[Site "Germany"]
[Date "2013.03.10"]
[Round "7.1"]
[White "Wehmeier, Stefan"]
[Black "Fuest, Martin"]
[Result "1/2-1/2"]
[WhiteElo "2388"]
[BlackElo "2082"]
[PlyCount "61"]
[EventDate "2012.09.16"]
[EventType "team-tourn"]
[EventRounds "9"]
[EventCountry "GER"]
[SourceTitle "EXT 2017"]
[Source "ChessBase"]
[SourceDate "2016.10.25"]
[SourceVersion "1"]
[SourceVersionDate "2016.10.25"]
[SourceQuality "1"]
[WhiteTeam "Lippstadt Turm"]
[BlackTeam "Bocholt"]
[WhiteTeamCountry "GER"]
[BlackTeamCountry "GER"]

1. e4 d5 2. exd5 Qxd5 3. Nc3 Qd6 4. g3 c6 5. Bg2 Nf6 6. Nf3 Bg4 7. 0-0 e6 8. h3 Bh5 9. d4 Be7 10. Bf4 Bxf3 11. Qxf3 Qd8 12. Rad1 0-0 13. Ne2 Qa5 14. a3 Nbd7 15. c4 Rac8 16. b4 Qd8 17. Qb3 b5 18. cxb5 cxb5 19. Nc3 Nb6 20. Nxb5 Nfd5 21. Nxa7 Rc3 22. Bxd5 Rxb3 23. Bxb3 Qd7 24. d5 exd5 25. a4 Qxa7 26. a5 Bxb4 27. axb6 Qxb6 28. Rxd5 Bd2 29. Rxd2 Qxb3 30. Rfd1 h6 31. Rd3 1/2-1/2

[Event "NRW Class2 1112"]
[Site "Germany"]
[Date "2012.03.25"]
[Round "8.1"]
[White "Wehmeier, Stefan"]
[Black "Rotstein, Jefim"]
[Result "0-1"]
[WhiteElo "2403"]
[BlackElo "2234"]
[PlyCount "80"]
[EventDate "2011.09.18"]
[EventType "team-tourn"]
[EventRounds "9"]
[EventCountry "GER"]
[SourceTitle "EXT 2015"]
[Source "ChessBase"]
[SourceDate "2014.11.20"]
[SourceVersion "1"]
[SourceVersionDate "2014.11.20"]
[SourceQuality "1"]
[WhiteTeam "Lippstadt Turm"]
[BlackTeam "Koeln Ford SF"]
[WhiteTeamCountry "GER"]
[BlackTeamCountry "GER"]

1. e4 c5 2. Nf3 Nc6 3. d4 cxd4 4. Nxd4 Qb6 5. Nb3 Nf6 6. Nc3 e6 7. Bd3 a6 8. 0-0 Be7 9. Be3 Qc7 10. f4 d6 11. a4 b6 12. Qf3 Bb7 13. Qf2 Bd8 14. Qg3 h5 15. Rae1 h4 16. Qh3 Ne7 17. Bd2 e5 18. fxe5 dxe5 19. Kh1 Bc8 20. Qf3 h3 21. g3 Be6 22. Qe2 Nc6 23. Bxa6 Kf8 24. Bb5 Nd4 25. Nxd4 exd4 26. Nd1 Be7 27. c4 dxc3 28. Nxc3 Rd8 29. Bf4 Qc5 30. Rd1 Rxd1 31. Qxd1 g5 32. Bc1 Kg7 33. Qd2 Ng4 34. Nd5 Rd8 35. Qc3+ Qxc3 36. Nxc3 f6 37. Be2 Bc5 38. Nd1 Rd4 39. Bxg4 Bxg4 40. Nc3 Rd3 0-1

[Event "NRW Class2 1112"]
[Site "Germany"]
[Date "2012.02.05"]
[Round "6.1"]
[White "Zelbel, Patrick"]
[Black "Wehmeier, Stefan"]
[Result "1-0"]
[WhiteElo "2337"]
[BlackElo "2403"]
[PlyCount "43"]
[EventDate "2011.09.18"]
[EventType "team-tourn"]
[EventRounds "9"]
[EventCountry "GER"]
[SourceTitle "EXT 2015"]
[Source "ChessBase"]
[SourceDate "2014.11.20"]
[SourceVersion "1"]
[SourceVersionDate "2014.11.20"]
[SourceQuality "1"]
[WhiteTeam "Dortmund Hansa II"]
[BlackTeam "Lippstadt Turm"]
[WhiteTeamCountry "GER"]
[BlackTeamCountry "GER"]

1. e4 e5 2. f4 exf4 3. Nf3 h6 4. d4 g5 5. Nc3 d6 6. g3 Bg7 7. gxf4 g4 8. Rg1 Kf8 9. Be3 gxf3 10. Qxf3 f5 11. Qg3 Bf6 12. 0-0-0 fxe4 13. Bc4 Ne7 14. Nxe4 Bg5 15. fxg5 Nf5 16. Rdf1 Ke7 17. Rxf5 Bxf5 18. gxh6 Kd7 19. Qg7+ Kc8 20. Ng3 Bh3 21. Bg5 Qf8 22. Bf6 1-0

[Event "NRW Class2 1112"]
[Site "Germany"]
[Date "2012.01.08"]
[Round "5.1"]
[White "Wehmeier, Stefan"]
[Black "Graw, Christopher"]
[Result "1-0"]
[WhiteElo "2403"]
[BlackElo "2172"]
[PlyCount "143"]
[EventDate "2011.09.18"]
[EventType "team-tourn"]
[EventRounds "9"]
[EventCountry "GER"]
[SourceTitle "EXT 2015"]
[Source "ChessBase"]
[SourceDate "2014.11.20"]
[SourceVersion "1"]
[SourceVersionDate "2014.11.20"]
[SourceQuality "1"]
[WhiteTeam "Lippstadt Turm"]
[BlackTeam "Herne Sodingen"]
[WhiteTeamCountry "GER"]
[BlackTeamCountry "GER"]

1. e4 c5 2. Nf3 d6 3. d4 cxd4 4. Nxd4 Nf6 5. Nc3 a6 6. Be2 e6 7. 0-0 Nbd7 8. f4 b5 9. Bf3 Bb7 10. e5 Bxf3 11. Nxf3 Ng4 12. Qe2 Qb6+ 13. Kh1 b4 14. Ne4 d5 15. Neg5 Bc5 16. Nxf7 0-0 17. N3g5 Rxf7 18. Nxf7 Nf2+ 19. Rxf2 Bxf2 20. Ng5 Rf8 21. a3 b3 22. cxb3 a5 23. Bd2 Bh4 24. Be3 d4 25. Bxd4 Qxd4 26. Nxe6 Qd5 27. Qg4 Rf7 28. Rd1 Qxb3 29. Nd4 Qe3 30. Qxh4 Rxf4 31. Qd8+ Nf8 32. Qd5+ Kh8 33. Ne6 Nxe6 34. Qxe6 h6 35. Qc8+ Kh7 36. Qc2+ Kg8 37. h3 Qxe5 38. Rd8+ Kf7 39. Qb3+ Kg6 40. Qd3+ Qe4 41. Qg3+ Kh7 42. Rd7 Qe5 43. Rxg7+ Qxg7 44. Qxf4 Qxb2 45. Qf5+ Kg7 46. Qxa5 Qc1+ 47. Kh2 Qf4+ 48. Kg1 Qc1+ 49. Kf2 Qf4+ 50. Ke2 Qe4+ 51. Kd1 Qxg2 52. Qe5+ Kf7 53. Qh5+ Kf8 54. Qxh6+ Kf7 55. Qf4+ Ke7 56. h4 Qd5+ 57. Kc1 Qh1+ 58. Kb2 Qg2+ 59. Kc3 Qc6+ 60. Qc4 Qf3+ 61. Qd3 Qc6+ 62. Kd2 Qa4 63. Qe3+ Kf7 64. Qf3+ Kg7 65. Qb7+ Kg6 66. Qb6+ Kg7 67. Qc7+ Kh6 68. Qd6+ Kg7 69. Kc3 Kh7 70. Qd3+ Kh6 71. Qd2+ Kh5 72. Qg5# 1-0

[Event "NRW Class2 1112"]
[Site "Germany"]
[Date "2011.12.04"]
[Round "4.1"]
[White "Kotainy, Jens"]
[Black "Wehmeier, Stefan"]
[Result "0-1"]
[WhiteElo "2359"]
[BlackElo "2403"]
[PlyCount "106"]
[EventDate "2011.09.18"]
[EventType "team-tourn"]
[EventRounds "9"]
[EventCountry "GER"]
[SourceTitle "EXT 2015"]
[Source "ChessBase"]
[SourceDate "2014.11.20"]
[SourceVersion "1"]
[SourceVersionDate "2014.11.20"]
[SourceQuality "1"]
[WhiteTeam "Katernberg II"]
[BlackTeam "Lippstadt Turm"]
[WhiteTeamCountry "GER"]
[BlackTeamCountry "GER"]

1. e4 e5 2. f4 Bc5 3. Nf3 d6 4. c3 Bg4 5. h3 Bxf3 6. Qxf3 Nc6 7. Na3 Nf6 8. b4 Bb6 9. Nc4 exf4 10. Nxb6 axb6 11. d4 d5 12. exd5 Qxd5 13. Be2 0-0 14. b5 Na5 15. Bxf4 Nb3 16. Rd1 Rxa2 17. 0-0 c6 18. c4 Qxf3 19. Bxf3 Ra4 20. bxc6 bxc6 21. Rd3 Na5 22. Bc7 Rxc4 23. Bxb6 Nb7 24. Re1 Nd5 25. Bxd5 cxd5 26. Re7 Nd8 27. Rd7 Ne6 28. Re3 Rc2 29. Ba7 h6 30. Rf3 Rc7 31. Rxc7 Nxc7 32. Rf5 g6 33. Rf2 Ra8 34. Bb6 Ne6 35. Rc2 Ra6 36. Rb2 Kg7 37. Rb5 Kf6 38. Ba5 Rd6 39. Rb7 g5 40. Bb4 Rc6 41. Rd7 Rc2 42. Be7+ Kg6 43. Rxd5 Rxg2+ 44. Kxg2 Nf4+ 45. Kf3 Nxd5 46. Bf8 f5 47. Kg3 h5 48. Bd6 f4+ 49. Kf3 Kf5 50. Bb8 g4+ 51. hxg4+ hxg4+ 52. Kf2 Ke4 53. Be5 Ne3 0-1

[Event "NRW Class1 1011"]
[Site "Germany"]
[Date "2010.10.24"]
[Round "2.1"]
[White "Wehmeier, Stefan"]
[Black "Pruijssers, Roeland"]
[Result "0-1"]
[WhiteElo "2459"]
[BlackElo "2462"]
[PlyCount "102"]
[EventDate "2010.09.26"]
[EventType "team-tourn"]
[EventRounds "9"]
[EventCountry "GER"]
[SourceTitle "EXT 2012"]
[Source "ChessBase"]
[SourceDate "2011.11.24"]
[SourceVersion "1"]
[SourceVersionDate "2011.11.24"]
[SourceQuality "1"]
[WhiteTeam "Lippstadt Turm"]
[BlackTeam "Emsdetten Turm II"]
[WhiteTeamCountry "GER"]
[BlackTeamCountry "GER"]

1. e4 e5 2. Nf3 Nc6 3. Bb5 a6 4. Bxc6 dxc6 5. 0-0 f6 6. d4 Bg4 7. c3 Bd6 8. Be3 Ne7 9. Nbd2 Qd7 10. h3 Be6 11. c4 exd4 12. Nxd4 0-0-0 13. Nxe6 Qxe6 14. Qg4 Qxg4 15. hxg4 Ng6 16. Rfd1 Be5 17. Rab1 Rd7 18. Re1 Bd4 19. Nf3 c5 20. Bxd4 cxd4 21. e5 Rhd8 22. e6 Rd6 23. c5 Rd5 24. Rbd1 Ne5 25. e7 Nxf3+ 26. gxf3 Re8 27. Re4 Kd7 28. Rexd4 Rxd4 29. Rxd4+ Kc6 30. b4 Rxe7 31. Kg2 Kb5 32. a3 Ka4 33. Rd3 a5 34. bxa5 Kb5 35. Rb3+ Kc6 36. f4 Re4 37. Kg3 Ra4 38. Re3 Rxa5 39. Re7 Rxa3+ 40. f3 Rd3 41. Rxg7 Rd7 42. Rg8 Kxc5 43. Rf8 b5 44. Rxf6 b4 45. Re6 b3 46. f5 b2 47. Re1 Kb4 48. f6 c5 49. Re7 b1Q 50. Rxd7 Qa1 51. g5 Qe5+ 0-1

[Event "Oberliga NRW 0910"]
[Site "Germany"]
[Date "2010.03.21"]
[Round "8.2"]
[White "Wehmeier, Stefan"]
[Black "Forchert, Martin"]
[Result "1/2-1/2"]
[WhiteElo "2443"]
[BlackElo "2403"]
[PlyCount "65"]
[EventDate "2009.09.20"]
[EventType "team-tourn"]
[EventRounds "9"]
[EventCountry "GER"]
[SourceTitle "EXT 2011"]
[Source "ChessBase"]
[SourceDate "2010.11.26"]
[SourceVersion "1"]
[SourceVersionDate "2010.11.26"]
[SourceQuality "1"]
[WhiteTeam "Lippstadt Turm"]
[BlackTeam "Bielefeld"]
[WhiteTeamCountry "GER"]
[BlackTeamCountry "GER"]

1. d4 d5 2. Bg5 h6 3. Bh4 c6 4. Nc3 Bf5 5. f3 Nf6 6. e4 dxe4 7. Bxf6 exf6 8. fxe4 Bg6 9. a3 Bd6 10. Bd3 0-0 11. Nf3 Nd7 12. Nh4 Bh7 13. Qg4 c5 14. e5 cxd4 15. Bxh7+ Kxh7 16. Qxd4 Bxe5 17. Qd3+ g6 18. 0-0-0 Nb6 19. Qf3 Qc7 20. Rd3 Rac8 21. Rhd1 Qc4 22. g3 Na4 23. b3 Qc5 24. Nxg6 Qxa3+ 25. Kd2 Nxc3 26. Qf5 Kg7 27. Nxe5 Qb4 28. Rf3 Ne4+ 29. Ke3 Rfe8 30. Qg4+ Kh7 31. Qf5+ Kg7 32. Qg4+ Kh7 33. Qf5+ 1/2-1/2

[Event "Paderborn op"]
[Site "Paderborn"]
[Date "2009.12.30"]
[Round "7"]
[White "Wehmeier, Stefan"]
[Black "Steinle, Carsten"]
[Result "1-0"]
[WhiteElo "2443"]
[BlackElo "2137"]
[PlyCount "31"]
[EventDate "2009.12.27"]
[EventType "swiss"]
[EventRounds "7"]
[EventCountry "GER"]
[SourceTitle "CBM 134 Extra"]
[Source "ChessBase"]
[SourceDate "2010.03.03"]
[SourceVersion "1"]
[SourceVersionDate "2010.03.03"]
[SourceQuality "1"]

1. e4 e6 2. d4 d5 3. Nc3 Nf6 4. Bg5 Be7 5. e5 Nfd7 6. Bxe7 Qxe7 7. f4 Qb4 8. a3 Qb6 9. Nf3 c5 10. Nb5 0-0 11. Bd3 f6 12. Nd6 fxe5 13. fxe5 h6 14. 0-0 Nc6 15. Ng5 Qd8 16. Bh7+ 1-0

[Event "Paderborn op"]
[Site "Paderborn"]
[Date "2009.12.27"]
[Round "1"]
[White "Wehmeier, Stefan"]
[Black "Bausch, Thomas"]
[Result "1-0"]
[WhiteElo "2443"]
[BlackElo "2028"]
[PlyCount "59"]
[EventDate "2009.12.27"]
[EventType "swiss"]
[EventRounds "7"]
[EventCountry "GER"]
[SourceTitle "CBM 134 Extra"]
[Source "ChessBase"]
[SourceDate "2010.03.03"]
[SourceVersion "1"]
[SourceVersionDate "2010.03.03"]
[SourceQuality "1"]

1. e4 c5 2. Nf3 d6 3. d4 cxd4 4. Nxd4 Nf6 5. Nc3 a6 6. Bc4 Bg4 7. f3 Bd7 8. Be3 e6 9. Qd2 Nc6 10. 0-0-0 Qa5 11. g4 0-0-0 12. g5 Nh5 13. Nb3 Qc7 14. Na4 Ne5 15. Nb6+ Kb8 16. Be2 Be7 17. f4 Nxf4 18. Nxd7+ Rxd7 19. Bxf4 Rc8 20. c3 Ng6 21. Bg3 Qd8 22. h4 h6 23. gxh6 Nxh4 24. hxg7 Ng6 25. Kb1 Bf6 26. Nc5 Rxc5 27. Qxd6+ Rxd6 28. Rxd6 Kc8 29. Rxd8+ Kxd8 30. g8Q+ 1-0

[Event "Oberliga NRW 0910"]
[Site "Germany"]
[Date "2009.12.20"]
[Round "4.1"]
[White "De Jong, Jan Willem"]
[Black "Wehmeier, Stefan"]
[Result "0-1"]
[WhiteElo "2464"]
[BlackElo "2443"]
[PlyCount "66"]
[EventDate "2009.09.20"]
[EventType "team-tourn"]
[EventRounds "9"]
[EventCountry "GER"]
[SourceTitle "EXT 2011"]
[Source "ChessBase"]
[SourceDate "2010.11.26"]
[SourceVersion "1"]
[SourceVersionDate "2010.11.26"]
[SourceQuality "1"]
[WhiteTeam "Castrop Rauxel"]
[BlackTeam "Lippstadt Turm"]
[WhiteTeamCountry "GER"]
[BlackTeamCountry "GER"]

1. d4 d5 2. c4 e6 3. Nc3 c5 4. cxd5 cxd4 5. Qa4+ Bd7 6. Qxd4 exd5 7. Qxd5 Nc6 8. Nf3 Nf6 9. Qd1 Qb6 10. e3 Rd8 11. Bc4 Bh3 12. Qe2 Bxg2 13. Rg1 Bxf3 14. Qxf3 Ne5 15. Qe2 a6 16. f4 Nxc4 17. Qxc4 g6 18. a4 Bb4 19. a5 Qd6 20. Ke2 Bxc3 21. bxc3 0-0 22. Ra2 Rc8 23. Qd4 Qe6 24. Rb2 Rfd8 25. Qe5 Qh3 26. Rg3 Qxh2+ 27. Kf3 Qh1+ 28. Rbg2 Nh5 29. Rg5 Qf1+ 30. Rf2 Qxc1 31. Rxh5 Qd1+ 32. Re2 gxh5 33. Qxh5 Qd5+ 0-1

[Event "Oberliga NRW 0809"]
[Site "Germany"]
[Date "2009.04.26"]
[Round "9.1"]
[White "Hausrath, Daniel"]
[Black "Wehmeier, Stefan"]
[Result "1/2-1/2"]
[WhiteElo "2491"]
[BlackElo "2440"]
[PlyCount "119"]
[EventDate "2008.09.21"]
[EventType "team-tourn"]
[EventRounds "9"]
[EventCountry "GER"]
[SourceTitle "EXT 2010"]
[Source "ChessBase"]
[SourceDate "2010.11.25"]
[SourceVersion "1"]
[SourceVersionDate "2010.11.25"]
[SourceQuality "1"]
[WhiteTeam "Nord II"]
[BlackTeam "Lippstadt Turm"]
[WhiteTeamCountry "GER"]
[BlackTeamCountry "GER"]

1. Nf3 Nc6 2. d4 d5 3. g3 Bg4 4. Bg2 Qd7 5. h3 Bxf3 6. exf3 Nf6 7. f4 Ne4 8. c3 f5 9. Nd2 e6 10. Nf3 Be7 11. Be3 0-0 12. h4 Nd6 13. Qe2 b5 14. 0-0 Rab8 15. Rfe1 Rfe8 16. b3 Ne4 17. Qc2 Ba3 18. Ne5 Nxe5 19. fxe5 Qc6 20. Bc1 Be7 21. Bb2 Rf8 22. a4 a5 23. axb5 Qxb5 24. Ba3 c5 25. c4 Qxb3 26. Qxb3 Rxb3 27. cxd5 exd5 28. Bxc5 Bxc5 29. dxc5 Rb5 30. c6 Rc8 31. Rac1 Rc7 32. Red1 Kf7 33. Bf1 Rc5 34. Rxc5 Nxc5 35. Bg2 Ne4 36. Rxd5 Rxc6 37. Bxe4 fxe4 38. Rxa5 Kg6 39. g4 Re6 40. Kg2 h5 41. Kg3 Rb6 42. Ra3 hxg4 43. Kxg4 Rb2 44. Kf4 Rxf2+ 45. Kxe4 Rh2 46. Kd5 Rxh4 47. Kd6 Rd4+ 48. Ke7 Kf5 49. e6 g5 50. Ra5+ Kg6 51. Ke8 Rb4 52. e7 Rd4 53. Kf8 Rf4+ 54. Kg8 Re4 55. Ra6+ Kf5 56. Kf7 Rxe7+ 57. Kxe7 g4 58. Ra5+ Kf4 59. Kf6 g3 60. Rg5 1/2-1/2

[Event "Oberliga NRW 0809"]
[Site "Germany"]
[Date "2009.02.01"]
[Round "6.1"]
[White "Mladenov, Svetlin"]
[Black "Wehmeier, Stefan"]
[Result "1-0"]
[WhiteElo "2406"]
[BlackElo "2440"]
[PlyCount "107"]
[EventDate "2008.09.21"]
[EventType "team-tourn"]
[EventRounds "9"]
[EventCountry "GER"]
[SourceTitle "EXT 2010"]
[Source "ChessBase"]
[SourceDate "2010.11.25"]
[SourceVersion "1"]
[SourceVersionDate "2010.11.25"]
[SourceQuality "1"]
[WhiteTeam "Wattenscheid II"]
[BlackTeam "Lippstadt Turm"]
[WhiteTeamCountry "GER"]
[BlackTeamCountry "GER"]

1. e4 e5 2. Nf3 Nc6 3. Bb5 a6 4. Ba4 Nf6 5. 0-0 Be7 6. Re1 b5 7. Bb3 d6 8. c3 0-0 9. h3 Na5 10. Bc2 c5 11. d4 Qc7 12. Nbd2 cxd4 13. cxd4 Nc6 14. Nb3 a5 15. Be3 a4 16. Nbd2 Nb4 17. Bb1 Bd7 18. a3 Na6 19. Bd3 exd4 20. Bxd4 Nc5 21. Rc1 Qb7 22. Bb1 Ne6 23. Bxf6 Bxf6 24. e5 Bd8 25. Ne4 dxe5 26. Nxe5 Be8 27. Nd6 Qa7 28. Be4 Bh4 29. Qe2 Nd4 30. Bxh7+ Kxh7 31. Qh5+ Kg8 32. Qxh4 f6 33. Nc8 Rxc8 34. Rxc8 fxe5 35. Rxe5 Bc6 36. Rd8 Rxd8 37. Qxd8+ Kf7 38. Qd6 Qd7 39. Qxd7+ Bxd7 40. Rd5 Ne2+ 41. Kf1 Be6 42. Rxb5 Nc1 43. Rb4 Bd7 44. Rd4 Bb5+ 45. Ke1 Ke6 46. Rg4 Kf6 47. Kd2 Nb3+ 48. Ke3 Nc5 49. h4 Bd7 50. Rc4 Ne6 51. g4 Ke5 52. h5 Kd5 53. Rb4 Kc5 54. b3 1-0

[Event "Oberliga NRW 0809"]
[Site "Germany"]
[Date "2008.09.21"]
[Round "1.1"]
[White "Wehmeier, Stefan"]
[Black "Illner, Achim"]
[Result "1/2-1/2"]
[WhiteElo "2440"]
[BlackElo "2360"]
[PlyCount "81"]
[EventDate "2008.09.21"]
[EventType "team-tourn"]
[EventRounds "9"]
[EventCountry "GER"]
[SourceTitle "EXT 2010"]
[Source "ChessBase"]
[SourceDate "2010.11.25"]
[SourceVersion "1"]
[SourceVersionDate "2010.11.25"]
[SourceQuality "1"]
[WhiteTeam "Lippstadt Turm"]
[BlackTeam "Bochum"]
[WhiteTeamCountry "GER"]
[BlackTeamCountry "GER"]

1. e4 c5 2. Nf3 Nc6 3. d4 cxd4 4. Nxd4 Qb6 5. Nb3 Nf6 6. Bd3 e6 7. 0-0 Be7 8. c4 d5 9. cxd5 exd5 10. Be3 Qc7 11. exd5 Nxd5 12. Bc5 Be6 13. Bxe7 Ncxe7 14. Nd4 Bd7 15. Na3 0-0 16. Re1 Qf4 17. Re4 Qf6 18. Nc4 Rad8 19. Ne5 Nf4 20. Qf3 Nxd3 21. Qxf6 gxf6 22. Nxd3 Nc6 23. Nf4 Rfe8 24. Rxe8+ Bxe8 25. Nf5 Nd4 26. Nxd4 Rxd4 27. Nh5 Bc6 28. Nxf6+ Kg7 29. Nh5+ Kg6 30. Ng3 Rd2 31. b4 f5 32. Nf1 Rb2 33. a3 f4 34. h3 Kf5 35. Nh2 h5 36. Nf3 Bxf3 37. gxf3 a6 38. h4 Rb3 39. Kg2 b5 40. Rc1 Rxa3 41. Rc5+ 1/2-1/2